000 00670nam a2200181 a 4500
001 000005587
005 20200929151722.0
008 090820s1977 sp 001 0 spa d
020 _a8400036948
040 _aDO-SdBNP
100 1 _aMoreno Febrian, Alfredo
_915775
245 1 3 _aEl corregidor de indios y la economía peruana del siglo XVIII/ :
_blos repartos forzozos de mercancías: /
_cAlfredo Moreno Cebrian.
260 _aMadrid :
_bConsejo superior de investigaciones cientificas instuto <<G. Fernández de Oviedo>>,
_c1977.
300 _a801 p. :
_bdiagr. ;
_c24 cm.
500 _aIncluye índice
500 _aIncluye nota al pie de las páginas
049 _aBNPD
999 _c5386
_d5386